[Event "ARG-ch U20"]
[Site "Buenos Aires"]
[Date "2023.02.18"]
[Round "4"]
[White "Peiro Mayer, Melissa"]
[Black "Bontempi, Sofia Milagros"]
[Result "0-1"]
[WhiteElo "1366"]
[BlackElo "1726"]
[PlyCount "94"]
[EventDate "2023.02.17"]
[EventType "swiss"]
[EventRounds "9"]
[EventCountry "ARG"]
[SourceTitle "EXT 2024"]
[Source "ChessBase"]
[SourceDate "2023.10.10"]
[SourceVersion "1"]
[SourceVersionDate "2023.10.10"]
[SourceQuality "1"]

1. d4 Nf6 2. c4 g6 3. Nf3 Bg7 4. g3 0-0 5. Bg2 d6 6. Nc3 Nbd7 7. 0-0 c5 8. d5 Rb8 9. b3 Ne4 10. Nxe4 Bxa1 11. Bd2 Bg7 12. Qc2 Nf6 13. Bc3 Nxe4 14. Bxg7 Kxg7 15. Qxe4 Bf5 16. Qe3 b5 17. Qc3+ Kg8 18. b4 cxb4 19. Qxb4 a5 20. Qc3 bxc4 21. Nd4 Qc7 22. Nc6 Rb5 23. e4 Bc8 24. e5 dxe5 25. Nxe5 e6 26. dxe6 Rxe5 27. exf7+ Rxf7 28. Rd1 Rd7 29. Rc1 Rc5 30. Qe3 Re7 31. Qd4 Rd7 32. Qe3 Qe5 33. Qxe5 Rxe5 34. h4 Rc7 35. Bf1 c3 36. f3 c2 37. g4 Rd5 38. Be2 Ba6 39. Kf2 Bxe2 40. Kxe2 Rd1 41. Rxd1 cxd1Q+ 42. Kxd1 Rc3 43. Ke2 Rc2+ 44. Kd3 Rxa2 45. Kc3 Ra3+ 46. Kc4 Rxf3 47. Kb5 Rf4 0-1

[Event "San Antonio de Obligado op"]
[Site "San Antonio de Obligado"]
[Date "2022.10.08"]
[Round "1"]
[White "Peiro Mayer, Melissa"]
[Black "Prado, Mateo Genaro"]
[Result "0-1"]
[WhiteElo "1339"]
[BlackElo "1702"]
[PlyCount "88"]
[EventDate "2022.10.08"]
[EventType "swiss"]
[EventRounds "6"]
[EventCountry "ARG"]
[SourceTitle "CBM 210 Extra"]
[Source "ChessBase"]
[SourceDate "2022.11.30"]
[SourceVersion "1"]
[SourceVersionDate "2022.11.30"]
[SourceQuality "1"]

1. d4 Nf6 2. g3 d5 3. Nc3 Bf5 4. Bg2 e6 5. e3 c5 6. Nge2 Nc6 7. 0-0 Bd6 8. Nb5 Be7 9. dxc5 Bxc5 10. Nbd4 Nxd4 11. Nxd4 Bg6 12. b3 Rc8 13. c3 Ne4 14. Bxe4 Bxe4 15. f3 Bg6 16. b4 Bb6 17. Qa4+ Qd7 18. Qxd7+ Kxd7 19. Bd2 e5 20. Nb3 Bd3 21. Rfc1 g5 22. a4 a6 23. a5 Ba7 24. Ra2 f5 25. Rb2 Bb5 26. f4 gxf4 27. gxf4 exf4 28. Nd4 Bxd4 29. cxd4 Rxc1+ 30. Bxc1 f3 31. Rf2 Be2 32. h3 Rc8 33. Ba3 Rc3 34. Bb2 Rb3 35. Bc1 Rb1 36. Kh2 Rxc1 37. Kg3 Rc4 38. Kf4 Rxb4 39. Kxf5 Rb1 40. h4 Rf1 41. Rxf1 Bxf1 42. Kg5 f2 43. Kh5 Bd3 44. Kh6 f1Q 0-1

[Event "Misiones op"]
[Site "Misiones"]
[Date "2022.07.09"]
[Round "1"]
[White "Cantero, Carlos Ramon"]
[Black "Peiro Mayer, Melissa"]
[Result "1-0"]
[WhiteElo "1918"]
[BlackElo "1359"]
[PlyCount "73"]
[EventDate "2022.07.09"]
[EventType "swiss"]
[EventRounds "6"]
[EventCountry "ARG"]
[SourceTitle "CBM 209 Extra"]
[Source "ChessBase"]
[SourceDate "2022.09.30"]
[SourceVersion "1"]
[SourceVersionDate "2022.09.30"]
[SourceQuality "1"]

1. d4 d5 2. c4 e6 3. Nf3 Nf6 4. g3 b6 5. Bg2 Bb7 6. 0-0 Be7 7. Nc3 0-0 8. Qc2 Ne4 9. Nxe4 dxe4 10. Nd2 f5 11. Rd1 Nd7 12. Nf1 Nf6 13. Bf4 Bd6 14. Be3 Be7 15. Bf4 c6 16. Ne3 Qe8 17. Be5 Nd7 18. Qc3 Bf6 19. b4 Bxe5 20. dxe5 c5 21. b5 a6 22. a4 a5 23. Rd6 Rf7 24. Rad1 Rd8 25. Bh3 Re7 26. Nxf5 exf5 27. Bxf5 Rxe5 28. Rxd7 Rxd7 29. Bxd7 Qe7 30. Bc6 Re6 31. Rd7 Qg5 32. Rxb7 Rd6 33. Bd5+ Kf8 34. h4 Qg4 35. Qe5 Rd7 36. Rb8+ Rd8 37. Rxd8# 1-0